000 00408nam a2200181Ia 4500
008 090123s9999 xx 000 0 und d
082 _b42865
100 _aकाळे व.पु
245 _aसखी
250 _a1
260 _c2007
300 _a174
600 _aकाळे व.पु
630 _aसखी
700 _aकाळे व.पु
730 _aसखी
942 _cBOOK
999 _c80939
_d80939